000 00458nam a2200169 a 4500
001 0000-9188
003 ELIB.Books
008 110520 1996
035 _a(ELIB.Books)0000-9340
082 _a220.3
_bVin
100 _aVine, W.E
245 _aVine's Complete Expository Dictionary of Old & New T. Words
260 _bLondon: Thomas Nelson Publishers
_c1996
650 _aDictionary
942 _2ddc
_cBK
998 _cbat
_e2011-05-20
999 _c9188
_d9188